00590nam a22002057a 45000010005000000030009000050050017000140070005000310080028000360200015000640400022000790820028001011000033001292450045001622600062002073000021002694900032002906500037003226500025003590121DO-SdBNP20230515103036.00121151005b2000 ag 00| 0 spa d a9500718219 aBPMSUbspacBPMSU 4aU861.44bB462c 20002221 aBenedetti, Mariod1920-2009 13aLa casa y el ladrillo /cMario Benedetti aBuenos Aires, Argentina :bEditorial Sudamericana,c2000. a153 p. :c18 cm.0 aBiblioteca Mario Benedetti  4aPoesía uruguaya vColecciones  4aLiteratura uruguaya